00762nam a2200157Ia 4500008004100000082001700041100000900058245011900067260003400186365000600220630011900226730011900345942000900464999001900473952011200492100415s9999 xx 000 0 und d b12168a631.3 aANON aInternational Agricultural Research Centers Proceedings of the Workshop on Farming systems Research 17-21 Feb 1986 aANDHRA PRADESHc1987bICRISAT b0 aInternational Agricultural Research Centers Proceedings of the Workshop on Farming systems Research 17-21 Feb 1986 aInternational Agricultural Research Centers Proceedings of the Workshop on Farming systems Research 17-21 Feb 1986 cBOOK c595085d595082 00104070aBNHSbBNHSd1998-04-22g0.00l0o631.3 12168pBNHS-12168r2010-04-15 00:00:00w2010-04-15yBOOK